Rusko jako strategický trh pro české exportéry a investory
Formy, nástroje a inštitucionálne zabezpečenie podpory českých podnikateľov na ruskom trhu. Prehľad poskytovaných služieb pre českých exportérov a investorov v Ruskej federácii. Hodnotenie ruského trhu z hľadiska jeho silných resp. slabých stránok, jeho príležitostí a ohrozenia. Investičné prostredi...
Gespeichert in:
| 1. Verfasser: | |
|---|---|
| Format: | Buchkapitel |
| Sprache: | Tschechisch |
| Schlagworte: | |
| Tags: |
Keine Tags, Fügen Sie das erste Tag hinzu!
|
MARC
| LEADER | 00000naa$a2200000$$$4500 | ||
|---|---|---|---|
| 001 | 0111870 | ||
| 005 | 20231127115405.1 | ||
| 041 | 0 | |a cze | |
| 044 | |a CZ | ||
| 245 | 1 | 0 | |a Rusko jako strategický trh pro české exportéry a investory |c Hakob Samsonyan |
| 520 | |a Formy, nástroje a inštitucionálne zabezpečenie podpory českých podnikateľov na ruskom trhu. Prehľad poskytovaných služieb pre českých exportérov a investorov v Ruskej federácii. Hodnotenie ruského trhu z hľadiska jeho silných resp. slabých stránok, jeho príležitostí a ohrozenia. Investičné prostredie v Rusku. Hodnotenie regiónov Ruskej federácie s najvyššiou atraktivitou. | ||
| 610 | 2 | 0 | |a Česko |
| 610 | 2 | 0 | |a Rusko |
| 610 | 2 | 0 | |a vývoz |
| 610 | 2 | 0 | |a investovanie |
| 610 | 2 | 0 | |a investori |
| 610 | 2 | 0 | |a riziko trhové |
| 100 | 1 | |a Samsonyan, Hakob | |